001027223 001__ 1027223 001027223 005__ 20260401131657.0 001027223 037__ $$aRWTH-2026-01298 001027223 041__ $$aEnglish 001027223 1001_ $$aAretz, L. R.$$b0 001027223 1112_ $$a50. International Conference & Exposition on Advanced Ceramics and Composites$$cDaytona Beach$$d2026-01-25 - 2026-01-30$$gICACC 2026$$wUSA 001027223 245__ $$aICACC-S12-013-2026) Development of a MAX phase CMC using wet winding for high-temperature applications in aggressive environments$$honline 001027223 260__ $$aWesterville, OH$$bThe American Ceramic Society$$c2026 001027223 29510 $$a50th International Conference & Exposition on Advanced Ceramics and Composites, Abstract Book, January 25–30, 2026, Daytona Beach, Florida 001027223 300__ $$a192-192 001027223 3367_ $$033$$2EndNote$$aConference Paper 001027223 3367_ $$0PUB:(DE-HGF)1$$2PUB:(DE-HGF)$$aAbstract$$babstract$$mabstract$$s1770037885_22564$$xExtended abstract 001027223 3367_ $$0PUB:(DE-HGF)8$$2PUB:(DE-HGF)$$aContribution to a conference proceedings 001027223 3367_ $$2BibTeX$$aINPROCEEDINGS 001027223 3367_ $$2DRIVER$$aconferenceObject 001027223 3367_ $$2DataCite$$aOutput Types/Conference Abstract 001027223 3367_ $$2ORCID$$aOTHER 001027223 7001_ $$aCurvers, F.$$b1 001027223 7001_ $$0P:(DE-82)IDM04712$$aJung, Fabian$$b2$$urwth 001027223 7001_ $$0P:(DE-82)IDM04343$$aTonnesen, Thorsten Erik$$b3$$urwth 001027223 7001_ $$0P:(DE-82)IDM01055$$aGries, Thomas$$b4$$urwth 001027223 8564_ $$uhttps://ceramics.org/wp-content/uploads/2026/01/ICACC26_Abstracts-4-1.pdf$$yFulltext 001027223 9101_ $$0I:(DE-588b)36225-6$$6P:(DE-82)IDM04712$$aRWTH Aachen$$b2$$kRWTH 001027223 9101_ $$0I:(DE-588b)36225-6$$6P:(DE-82)IDM04343$$aRWTH Aachen$$b3$$kRWTH 001027223 9101_ $$0I:(DE-588b)36225-6$$6P:(DE-82)IDM01055$$aRWTH Aachen$$b4$$kRWTH 001027223 9151_ $$0StatID:(DE-HGF)0021$$2StatID$$aNo peer reviewed article$$x0 001027223 9201_ $$0I:(DE-82)419110_20140620$$k419110$$lLehrstuhl für Textilmaschinenbau und Institut für Textiltechnik$$x0 001027223 9201_ $$0I:(DE-82)524110_20140620$$k524110$$lLehrstuhl für Keramik und Institut für Gesteinshüttenkunde$$x1 001027223 9201_ $$0I:(DE-82)520000_20140620$$k520000$$lFachgruppe für Materialwissenschaft und Werkstofftechnik$$x2 001027223 961__ $$c2026-02-02T14:14:18.267067$$x2026-02-02T14:14:18.267067$$z2026-02-02 001027223 980__ $$aI:(DE-82)419110_20140620 001027223 980__ $$aI:(DE-82)520000_20140620 001027223 980__ $$aI:(DE-82)524110_20140620 001027223 980__ $$aUNRESTRICTED 001027223 980__ $$aVDBINPRINT 001027223 980__ $$aabstract 001027223 980__ $$acontrib